Dead Sea Discoveries
محفوظ في:
التنسيق: دورية
اللغة: Undetermined
منشور في:
JSTOR
Brill
الموضوعات:
الوصول للمادة أونلاين: Login to view Source
الوسوم: إضافة وسم
لا توجد وسوم, كن أول من يضع وسما على هذه التسجيلة!
رقم الطلب:
| LEADER | 00489nas a2200169Ia 4500 | ||
|---|---|---|---|
| 008 | 220214c99999999xx |||||||||||| ||und|| | ||
| 022 | |a 0929-0761 | ||
| 022 | |a 1568-5179 | ||
| 245 | 0 | 0 | |a Dead Sea Discoveries |
| 264 | 1 | |b JSTOR | |
| 264 | 1 | |b Brill | |
| 362 | 0 | |a Vol. 1(1994)-24 (2017) | |
| 653 | 1 | 0 | |a Middle East Studies |
| 856 | 4 | 0 | |u https://www.jstor.org/journal/deadseadisc |
| 942 | |c JL | ||
| 952 | |0 0 |1 0 |4 0 |7 1 |9 34710 |a JSR |b JSR |d 2022-02-14 |l 0 |r 2022-02-14 00:00:00 |w 2022-02-14 |y JL | ||
| 999 | |c 43043 |d 43043 | ||
